| 000 | 00531cam a2200217 4500 | ||
|---|---|---|---|
| 001 | M83911 | ||
| 008 | 090401t1997 xxu||||| |||| 00| 0 eng d | ||
| 035 | _a(Sirsi) u78295 | ||
| 041 | _aeng | ||
| 050 | _a333.2 | ||
| 110 |
_aLand Trusts Association _93224 |
||
| 245 | _aOccasional papers. - No. 5 (February 1997) | ||
| 260 |
_aLondon _bLand Trusts Association _c1997 |
||
| 300 | _a18p. ; 21cm. | ||
| 350 | _a0 | ||
| 650 | _aNATIONAL FOREST | ||
| 650 | _aNEW FOREST | ||
| 690 | _aLAND | ||
| 942 | _n0 | ||
| 948 | _c13/05/1997 | ||
| 999 |
_c96426 _d96426 |
||